| 000 | 01103nas a2200373 4500 | ||
|---|---|---|---|
| 001 | BR2014005066 | ||
| 003 | BR-BrBNA | ||
| 005 | 20231205124355.0 | ||
| 007 | ta | ||
| 008 | 230509b bl.|||p| |||| 00| 00por d | ||
| 040 |
_aBR-BrBNA _bpor _cBiblioteca Nacional de Agricultura |
||
| 041 | _a(Pt) | ||
| 072 | _aL70 | ||
| 100 | 1 | _aRibeiro, S.N. | |
| 100 | 1 | _aMonteiro, G.A.S. | |
| 100 | 1 | _aAtallah, F.A. | |
| 100 | 1 | _aAmaral, L.G. | |
| 100 | 1 | _aFerreira, G. dos S. | |
| 100 | 1 | _aSantana, C.L. | |
| 100 | 1 | _aOliveira, C.J.L. de | |
| 100 | 1 | _aOliveira, A.L. de A. | |
| 245 | 1 | _aAlterações ácido-básicas decorrentes da circulação extracorpórea em cães | |
| 650 | _aCÃO | ||
| 650 | _aCIRURGIA PLÁSTICA | ||
| 650 | _aMÉTODO | ||
| 650 | _aPULMÃO | ||
| 650 | _aCORAÇÃO | ||
| 650 | _aESTENOSE | ||
| 650 | _aBIOQUÍMICA ANIMAL | ||
| 650 | _aAPARELHO CIRCULATÓRIO | ||
| 773 | 0 |
_tRevista Brasileira de Medicina Veterinária (Brazil) _xISSN 0100-2430 _g(Dec 2013), v. 35(supl. 1) p. 84-90 _wBR2014005066 |
|
| 909 |
_a202311 _bLúcia _c55 _dLúcia Elande |
||
| 942 |
_2AGRIS _n0 _cANA |
||
| 999 |
_c238747 _d238747 |
||